| 000 | 00857nam0a22002651 4500 | ||
|---|---|---|---|
| 001 | rc\2558962 | ||
| 005 | 20230411200759.0 | ||
| 035 | _a(NLR Aleph) 006723889 | ||
| 090 |
_a5472476 _c5472476 |
||
| 100 | _a20110914d1927 |||y0rusy50 ca | ||
| 101 | 0 | _arus | |
| 102 | _aRU | ||
| 105 | _ay z ||||| | ||
| 200 | 1 |
_aЗа новый быт _eЖивая газета |
|
| 210 |
_aМосква _aЛенинград _cГос. изд-во _d1927 _eЛенинград _gтип. Печатный двор |
||
| 215 |
_a32 с. _d20х14 см. |
||
| 225 | 1 | _aКлубная сцена | |
| 300 | _aОбложка: Серг[ей] Пожарский | ||
| 700 | 1 |
_aСоколовский _bМ. В. _gМихаил Владимирович |
|
| 801 | 0 |
_aRU _bNLR _gpsbo |
|
| 801 | 1 |
_aRU _bELAR _2rusmarc |
|
| 852 |
_aNLR _j41/3463 |
||
| 942 | _cBOOK | ||
| 980 | _aNB | ||